La emigración de profesionales paraguayos /

محفوظ في:
التفاصيل البيبلوغرافية
المؤلف الرئيسي: Corvalán, Grazziella
التنسيق: نص
الموضوعات:
الوسوم: إضافة وسم
لا توجد وسوم, كن أول من يضع وسما على هذه التسجيلة!

MARC

LEADER 00000 a a2200000 04500
001 16714
003
040
100 |a Corvalán, Grazziella  
245 |a La emigración de profesionales paraguayos /  |c Grazziella Corvalán 
650 |a MIGRACION  
650 |a TRABAJADORES PROFESIONALES  
650 |a PARAGUAY  
773 |g volumen 11, número 31; páginas 91-121  
999 |c 36935  |d 36935